000 01216nab a22002537a 4500
999 _c5987
_d5987
003 OSt
005 20260115182008.0
008 190605e xxu||||| |||| 00| 0 spa d
040 _cPJ
100 _96638
_aPanozzo, Octavio R.
245 1 0 _aAnálisis jurídico y económico del despido discriminatorio /
_cOctavio R. Panozzo.
260 _aCiudad Autónoma de Buenos Aires :
_bThomson Reuters La Ley,
_c2022.
300 _ap. 83-89
500 _aCita: TR LALEY AR/DOC/3161/2022.
505 _a Sumario: I. Introducción.— II. Breviario de la causa.— III. Despido arbitrario.— IV. Despido discriminatorio.— V. Epílogo.
505 _aFallo comentado: CNTrab., sala V ~ 30/05/2022 ~ A., P. G. c. Casino Buenos Aires SA Compañia de Inversiones en Entretenimientos SA UTE s/ despido.
505 _t¿Te interesa el texto completo? Solicitalo al correo: koha@justierradelfuego.gov.ar
650 0 _91316
_aDERECHO LABORAL
650 0 _91323
_aCONTRATO DE TRABAJO
650 0 _91533
_aDESPIDO
650 0 _91576
_aDISCRIMINACION
773 0 _02711
_93168
_dCiudad Autónoma de Buenos Aires : Thomson Reuters La Ley, 1999-2002.
_tRevista de derecho del trabajo. Nº 6 - Noviembre 2022
942 _2udc
_cANA